000 01621nam a2200325 c 4500
003 BLK
005 20180422114612.0
008 180411b bul|||||r ||||||| ||bul||
010 _aKNG00181984000
040 _aBLK
041 _aBUL
_cBUL
080 _aБългарска литература
_b821.163.2
_x-93-31
_z821.163.2-93-31
100 1 _aСлавински, Петър
_eпърви автор
_gЧолаков, Петър Атанасов
_9382072
700 1 _aЧолаков, Петър Атанасов
_e*
_9327431
700 1 _aФранцева, Мария
_eхудож.
_9134861
139 _aСлавински, Петър
_bС 43
245 1 0 _aПтици долитат при нас
_bРоман за юноши
_cПетър Славински; * Петър Атанасов Чолаков; худож. Мария Францева.
250 _a4. изд.
257 _aBGR
260 София
_bНар. младеж
_c1983
_fВарна : Ст. Добрев-Странджата
300 _a352 с.
_bс ил.
_c21 см
380 _aX
490 1 _aЛюбими книги и герои
_v98
500 _a1. изд. 1956. - В кн. означено 5. изд. Романът е отличен с награда на конкурса, обявен от МНП и Съюза на бълг. писатели през 1956 г. Петър Славински е псевдоним на Петър Атанасов Чолаков.
852 _aЦб 122743
856 4 _qpdf
_u
856 4 _qpdf
_u
942 _cKNG
_n0
944 _aCR
_c31.07.2013
_kТеодора_Стоянова
944 _aED
_c15.09.2017
_kМилена_Ачева
999 _c173571
_d173571